Bangla Shaityer Itihas(Bangla) (Record no. 4160)

MARC details
000 -LEADER
fixed length control field 00411nam a22001697a 4500
005 - DATE AND TIME OF LATEST TRANSACTION
control field 20160627105410.0
008 - FIXED-LENGTH DATA ELEMENTS--GENERAL INFORMATION
fixed length control field 160627b xxu||||| |||| 00| 0 eng d
020 ## - INTERNATIONAL STANDARD BOOK NUMBER
ISBN 978-81-920072-1-2
041 ## - LANGUAGE CODE
Language code of text/sound track or separate title eng
082 ## - DEWEY DECIMAL CLASSIFICATION NUMBER
Item number 10259
100 ## - MAIN ENTRY--AUTHOR NAME
Personal name Archarya, Dr. Devesh Kumar
245 ## - TITLE STATEMENT
Title Bangla Shaityer Itihas(Bangla)
260 ## - PUBLICATION, DISTRIBUTION, ETC. (IMPRINT)
Name of publisher United Books Agency
300 ## - PHYSICAL DESCRIPTION
Number of Pages 806
650 ## - SUBJECT ADDED ENTRY--TOPICAL TERM
Topical Term Bangla
942 ## - ADDED ENTRY ELEMENTS (KOHA)
Koha item type Books
Holdings
Lost status Damaged status Home library Date acquired Cost, normal purchase price Full call number Accession Number Koha item type
    JRU Library 27/06/2016 200.00 10259 10259 Books